| 000 | 01238nam a2200313 a 4500 | ||
|---|---|---|---|
| 001 | ebr10246338 | ||
| 003 | CaPaEBR | ||
| 006 | m u | ||
| 007 | cr cn||||||||| | ||
| 008 | 081216s2008 dcua ss 000 0 eng d | ||
| 020 | _z9780821373903 | ||
| 020 | _z9780821373910 (e-ISBN) | ||
| 040 |
_aCaPaEBR _cCaPaEBR |
||
| 035 | _a(OCoLC)680613358 | ||
| 043 | _ad------ | ||
| 050 | 1 | 4 |
_aHJ8899 _b.S86 2008eb |
| 245 | 0 | 0 |
_aSummary and country tables _h[electronic resource] / _cthe World Bank. |
| 260 |
_aWashington, D.C. : _bWorld Bank, _c2008. |
||
| 300 |
_axxx, 431 p. : _bill. |
||
| 490 | 0 |
_aGlobal development finance 2008 : the role of international banking, _x1020-5454 ; _vv. 2 |
|
| 533 |
_aElectronic reproduction. _bPalo Alto, Calif. : _cebrary, _d2013. _nAvailable via World Wide Web. _nAccess may be limited to ebrary affiliated libraries. |
||
| 650 | 0 |
_aDebts, External _zDeveloping countries _vStatistics. |
|
| 650 | 0 |
_aFinance _zDeveloping countries. |
|
| 650 | 0 | _aInternational finance. | |
| 655 | 7 |
_aElectronic books. _2local |
|
| 710 | 2 | _aWorld Bank. | |
| 710 | 2 | _aebrary, Inc. | |
| 856 | 4 | 0 |
_uhttp://site.ebrary.com/lib/rucke/Doc?id=10246338 _zAn electronic book accessible through the World Wide Web; click to view |
| 999 |
_c36199 _d36199 |
||